000 005790000a22001810004500
003 MACL
005 20160219145816.0
008 160219b xxu||||| |||| 00| 0 eng d
040 _aMACL
_cMACL
041 _aHindi
082 _a301
100 _aसरस्‍वती स्‍वामी जगदीश्‍वरानन्‍द
_939079
245 _aवेद-सौरभ
260 _bगोविन्‍दराम हासानन्‍द
_c1975
_aनई दिल्‍ली
350 _a4
650 _aPhilosophy
_939080
942 _cHIN
_k301
_2ddc
999 _c27104
_d27104